LEADER 01043cam0 22002771 450 001 SOBE00032243 005 20130419153021.0 100 $a20130419d1971 |||||ita|0103 ba 101 $aita 102 $aIT 200 1 $aLumpenborghesia$eLumpensviluppo$edipendenza economica, struttura sociale e sottosviluppo in America Latina$fAndre Gunder Frank$gcon un saggio introduttivo di Alberto Filippi 210 $aMilano$cMazzotta$d1971 215 $a162 p.$d21 cm 225 2 $aCollana politica$eAmerica latina$v1 410 1$1001LAEC00024489$12001 $a*Collana politica : America latina$v1 700 1$aFrank$b, Andre Gunder$3A600200046223$4070$0119669 702 1$aFilippi, Alberto$3A600200044326$4070 801 0$aIT$bUNISOB$c20130419$gRICA 850 $aUNISOB 852 $aUNISOB$j330$m18667 912 $aSOBE00032243 940 $aM 102 Monografia moderna SBN 941 $aM 957 $a330$b000234$gSI$d18667$1rovito$2UNISOB$3UNISOB$420130419152636.0$520130419152716.0$6rovito 996 $aLumpenborghesia$9540109 997 $aUNISOB LEADER 03180nam 22005534a 450 001 9910451921903321 005 20200520144314.0 010 $a0-8018-8941-3 035 $a(CKB)1000000000482187 035 $a(EBL)3318313 035 $a(OCoLC)923193452 035 $a(SSID)ssj0000163576 035 $a(PQKBManifestationID)11170114 035 $a(PQKBTitleCode)TC0000163576 035 $a(PQKBWorkID)10116465 035 $a(PQKB)11262000 035 $a(MiAaPQ)EBC3318313 035 $a(Au-PeEL)EBL3318313 035 $a(CaPaEBR)ebr10188514 035 $a(EXLCZ)991000000000482187 100 $a20051109d2006 uy 0 101 0 $aeng 135 $aur|n|---||||| 181 $ctxt 182 $cc 183 $acr 200 00$aGlobal social change$b[electronic resource] $ehistorical and comparative perspectives /$fedited by Christopher Chase-Dunn and Salvatore J. Babones 210 $aBaltimore $cJohns Hopkins University Press$d2006 215 $a1 online resource (384 p.) 300 $aDescription based upon print version of record. 311 $a0-8018-8424-1 311 $a0-8018-8423-3 320 $aIncludes bibliographical references and index. 327 $aIntroduction / Christopher Chase-Dunn, Salvatore J. Babones -- Conducting global social research / Salvatore J. Babones -- What is globalization? -- Global social change in the long run / Thomas D. Hall, Christopher Chase-Dunn -- Competing conceptions of globalization / Leslie Sklair -- Globalization : a world-systems perspective / Christopher Chase-Dunn -- Global inequality -- Global inequality : an introduction / Jonathan H. Turner, Salvatore J. Babones -- Global energy inequalities : exploring the long-term implications / Bruce Podobnik -- Globalization and the environment -- Ecosystems and world systems : accumulation as an ecological process / Alf Hornborg -- Global social change, natural resource consumption, and environmental degradation / Andrew W. Jorgenson -- Globalization, hegemony, and global governance -- Spatial and other "fixes" of historical capitalism / Giovanni Arrighi -- Contemporary intracore relations and world systems theory / Peter Gowan -- Global social movements -- Gender and globalization : female labor and women's mobilization / Valentine M. Moghadam -- Environmentalism and the trajectory of the anti-corporate globalization movement / Frederick H. Buttel, Kenneth A. Gould -- National and global foundations of global civil society / Jackie Smith, Dawn Wiest -- Transnational social movements and democratic socialist parties in the semiperiphery : on to global democracy / Terry Boswell, Christopher Chase-Dunn -- Globalization and the future of democracy / John Markoff. 606 $aSocial change 606 $aGlobalization 608 $aElectronic books. 615 0$aSocial change. 615 0$aGlobalization. 676 $a303.48/2 701 $aChase-Dunn$b Christopher K$0791778 701 $aBabones$b Salvatore J$0912387 801 0$bMiAaPQ 801 1$bMiAaPQ 801 2$bMiAaPQ 906 $aBOOK 912 $a9910451921903321 996 $aGlobal social change$92180150 997 $aUNINA